=LDR 00000nam 2200000 4500 =001 INLIS000000000002188 =005 20130612090538 =008 ***********************************Ind** =035 ##$$0010-061300000002188 =041 ##$$a Ind =082 ##$$a 959.8 =090 ##$$a 959.8, Wir g =100 ##$$a Wirodono,Suardian =245 ##$$a Gerakan politik Indonesia, Catatan 1994, Penyusun,Suardian Wirodono;Editor,Hikmat Kurnia =260 ##$$a 1995 $b Jakarta =300 ##$$a xv,259 hlm, ilus, 21 cm =650 ##$$a Indonesia =650 ##$$a Politik dan Pemerintahan =700 ##$$a Kurnia,Hikmat =850 ##$$a NBPNMAT